| 000 | 00451nam a2200133Ia 4500 | ||
|---|---|---|---|
| 999 |
_c2556 _d2556 |
||
| 020 | _a81-261-0661-1 | ||
| 082 | _a331.544 KOH-E | ||
| 100 | _aKohli, Anj; | ||
| 245 | 0 | _aEconometric study of spatial population mobility in India: a study of Rajasthan | |
| 260 |
_aNew Delhi _bAnmol Publications _c2000 |
||
| 300 | _a204p. | ||
| 650 | _aSpace in Economics - Economics - Rajasthan (India) - Study and Teaching - Population - Economic Aspects | ||
| 942 | _cBK | ||